10 Random Counties of England on a Map - Statistics

General Stats
  • This quiz has been taken 371 times
  • The average score is 8 of 10
Answers on the Map
Answers color-coded by a green-red scale on the quiz's map according to % correct below.
 
Answer Stats
County % Correct
Cambridgeshire
100%
Cornwall
100%
Durham
100%
Greater Manchester
100%
Kent
100%
Northamptonshire
100%
North Yorkshire
100%
Warwickshire
100%
Hampshire
93%
Greater London
92%
City of Bristol
91%
Dorset
91%
Northumberland
91%
Devon
89%
Leicestershire
89%
West Yorkshire
89%
Essex
88%
Lincolnshire
88%
Staffordshire
88%
West Sussex
88%
Cheshire
86%
Berkshire
83%
East Sussex
83%
Isle of Wight
83%
Lancashire
83%
Merseyside
80%
Wiltshire
80%
Oxfordshire
78%
Hertfordshire
75%
Somerset
75%
South Yorkshire
75%
Buckinghamshire
71%
Norfolk
71%
Shropshire
71%
Suffolk
71%
Herefordshire
70%
Derbyshire
67%
Gloucestershire
67%
Nottinghamshire
67%
Worcestershire
67%
Cumbria
64%
Bedfordshire
63%
East Riding of Yorkshire
63%
Surrey
63%
Tyne and Wear
63%
Rutland
60%
West Midlands
43%
No matching quizzes found
Score Distribution
Percent of People with Each Score
Percentile by Number Answered
Your Score History
You have not taken this quiz